なぜかわかるイタリア語 - Statistics

General Stats
  • This quiz has been taken 6 times
  • The average score is 3 of 9
Answer Stats
日本語 イタリア語 % Correct
さぁ、行こう! Jammo ja!
60%
なんてこった! Mamma mia!
60%
行け、行け〜! ※命令形 二人称単数 Vai! Vai!
60%
承認された! ※英語 Approved!
40%
(魔法のように)素晴らしい! Magic!
40%
さぁ、行こう! ※スペイン語(アルゼンチンの公用語) Vamos! Vamos!
40%
ナポリ! ※クセ強め Napppllll!
20%
じいちゃん! Nonno!
0%
ナスとトマトのチーズグラタン Parmigiana
0%
No matching quizzes found
Score Distribution
Percent of People with Each Score
Percentile by Number Answered
Your Score History
You have not taken this quiz